[Event "CZE-chT2E 2223"]
[Site "Czech Republic"]
[Date "2022.11.20"]
[Round "3.1"]
[White "Zdrazil, Tomas"]
[Black "Jacko, Vladimir1111"]
[Result "0-1"]
[WhiteElo "2106"]
[BlackElo "2387"]
[PlyCount "202"]
[EventDate "2022.10.16"]
[EventType "team-tourn"]
[EventRounds "11"]
[EventCountry "CZE"]
[SourceTitle "EXT 2024"]
[Source "ChessBase"]
[SourceDate "2023.10.10"]
[SourceVersion "1"]
[SourceVersionDate "2023.10.10"]
[SourceQuality "1"]
[WhiteTeam "Olomouc"]
[BlackTeam "Orechov Orel"]
[WhiteTeamCountry "CZE"]
[BlackTeamCountry "CZE"]

1. e4 d5 2. exd5 Qxd5 3. Nf3 Nf6 4. d4 g6 5. Be2 Bg7 6. 0-0 0-0 7. c4 Qd6 8. Nc3 Bg4 9. Nb5 Qd8 10. Bf4 Na6 11. h3 Bxf3 12. Bxf3 c6 13. Nc3 Nd7 14. d5 cxd5 15. cxd5 Ne5 16. Re1 Nxf3+ 17. Qxf3 Qb6 18. Be5 Bxe5 19. Rxe5 Rac8 20. b3 Qc7 21. Re3 Nb4 22. Qe4 a5 23. a3 Na6 24. b4 Rfd8 25. Rae1 axb4 26. axb4 Rd7 27. b5 Nc5 28. Qh4 Re8 29. g3 b6 30. Kh2 Qd6 31. Qd4 Rc8 32. Qh4 Rcc7 33. Ra1 Kg7 34. Qd4+ Qf6 35. Qxf6+ Kxf6 36. Rf3+ Kg7 37. Ra8 Ra7 38. Rb8 Rdb7 39. Rd8 Ra3 40. Kg2 Raa7 41. Re3 Rd7 42. Rb8 Rab7 43. Rc8 Rbc7 44. Rb8 Nb7 45. Rd3 Rc5 46. h4 Rdc7 47. Ne4 Rxb5 48. d6 exd6 49. Nxd6 Nxd6 50. Rxd6 Rc2 51. Rd3 Rf5 52. Rf3 Rxf3 53. Kxf3 Rb2 54. g4 Kf6 55. Rh8 Rb3+ 56. Kf4 Rb4+ 57. Kg3 h6 58. f4 Rb3+ 59. Kf2 b5 60. Rxh6 Kg7 61. g5 Rb2+ 62. Ke3 Rh2 63. Kd4 b4 64. Kc4 Rf2 65. Kxb4 Rxf4+ 66. Kc3 Rg4 67. Kd3 Rg3+ 68. Ke2 Ra3 69. h5 gxh5 70. Rxh5 Kg6 71. Rh8 Kxg5 72. Kf2 f5 73. Rb8 Kg4 74. Rb4+ f4 75. Rb2 Rh3 76. Rb8 Rh2+ 77. Kg1 Ra2 78. Rb7 Kg3 79. Rg7+ Kf3 80. Rb7 Ra1+ 81. Kh2 Re1 82. Rf7 Rf1 83. Ra7 Re1 84. Rf7 Rd1 85. Rf8 Rd3 86. Kg1 Rd7 87. Rf6 Rd4 88. Ra6 Rd1+ 89. Kh2 Ke2 90. Re6+ Kf2 91. Ra6 Rd2 92. Kh1 f3 93. Re6 Rd4 94. Rh6 Kg3 95. Rg6+ Kf2 96. Rh6 Ke1 97. Re6+ Kf1 98. Rh6 f2 99. Kh2 Re4 100. Ra6 Ke2 101. Ra2+ Kf3 0-1

[Event "CZE-chT1E 2223"]
[Site "Czech Republic"]
[Date "2022.10.09"]
[Round "2.1"]
[White "Zdrazil, Tomas"]
[Black "Vantuch, Lucian"]
[Result "1-0"]
[WhiteElo "2106"]
[BlackElo "2065"]
[PlyCount "97"]
[EventDate "2022.10.08"]
[EventType "team-tourn"]
[EventRounds "11"]
[EventCountry "CZE"]
[SourceTitle "CBM 210 Extra"]
[Source "ChessBase"]
[SourceDate "2022.11.30"]
[SourceVersion "1"]
[SourceVersionDate "2022.11.30"]
[SourceQuality "1"]
[WhiteTeam "Jundrov Jezdci"]
[BlackTeam "Frydek Mistek II"]
[WhiteTeamCountry "CZE"]
[BlackTeamCountry "CZE"]

1. e4 c5 2. Nf3 e6 3. d4 cxd4 4. Nxd4 a6 5. Bd3 Bc5 6. Nb3 Ba7 7. Qe2 d6 8. Be3 Nf6 9. N1d2 0-0 10. 0-0 Nc6 11. f4 e5 12. f5 d5 13. Bxa7 Rxa7 14. Rad1 b5 15. exd5 Nxd5 16. Be4 Qb6+ 17. Qf2 Qxf2+ 18. Rxf2 Nce7 19. Nf3 Ne3 20. Rd3 Nc4 21. f6 gxf6 22. Nh4 f5 23. Nxf5 Bxf5 24. Bxf5 Nxf5 25. Rxf5 e4 26. Rg3+ Kh8 27. Nc5 e3 28. Kf1 Re7 29. Ke2 Rd8 30. Nd3 Rde8 31. Rff3 Nd2 32. Rf5 Ne4 33. Rh3 Rg8 34. Rxe3 Rxg2+ 35. Kf3 Rxh2 36. Rxe4 Rxe4 37. Kxe4 Kg7 38. Rf2 Rh4+ 39. Rf4 Rh2 40. Rf2 Rh4+ 41. Kf5 f6 42. Nf4 Rh1 43. Ke6 Re1+ 44. Re2 Rf1 45. Rg2+ Kh6 46. Kf5 Rf3 47. Rg4 Rf1 48. Kxf6 Rh1 49. Rg3 1-0

[Event "Pardubice rapid op 33rd"]
[Site "Pardubice"]
[Date "2022.07.21"]
[Round "9"]
[White "Hrabal, Matej"]
[Black "Zdrazil, Tomas"]
[Result "0-1"]
[WhiteElo "1950"]
[BlackElo "2122"]
[PlyCount "132"]
[EventDate "2022.07.20"]
[EventType "swiss (rapid)"]
[EventRounds "9"]
[EventCountry "CZE"]
[SourceTitle "CBM 209 Extra"]
[Source "ChessBase"]
[SourceDate "2022.09.30"]
[SourceVersion "1"]
[SourceVersionDate "2022.09.30"]
[SourceQuality "1"]

1. e4 c5 2. Nf3 d6 3. d4 cxd4 4. Nxd4 Nf6 5. Nc3 a6 6. f3 e5 7. Nb3 Be6 8. Nd5 Nxd5 9. exd5 Bc8 10. Be3 Be7 11. Qd2 0-0 12. Be2 Bh4+ 13. g3 Be7 14. 0-0-0 b5 15. f4 Bf6 16. fxe5 Bxe5 17. Nd4 Bb7 18. Bf3 Qc7 19. Kb1 Nd7 20. Nc6 Rfe8 21. Rhe1 Rac8 22. Bg2 Bxc6 23. dxc6 Nb8 24. Bh3 Rcd8 25. Qf2 Qxc6 26. Bb6 Nd7 27. Bxd8 Rxd8 28. Qd2 Re8 29. Bxd7 Qxd7 30. Qd5 Qc7 31. g4 Rc8 32. Re2 h6 33. h4 Qc4 34. Qxc4 Rxc4 35. Rg2 Rb4 36. c3 Re4 37. Kc2 h5 38. Rdg1 hxg4 39. Rxg4 Re2+ 40. Kb3 f5 41. R4g2 Re4 42. Rh1 Kf7 43. h5 Ke6 44. Kc2 f4 45. Kd3 Re3+ 46. Kd2 Kd5 47. Re2 Rg3 48. Rf2 Ke4 49. Re1+ Kf5 50. Rh1 Ke4 51. h6 gxh6 52. Rxh6 f3 53. Rh4+ Bf4+ 54. Ke1 Ke3 55. Rf1 Rg2 56. Rh3 Bg3+ 57. Kd1 Rd2+ 58. Kc1 Rg2 59. b3 Rxa2 60. Kb1 Rg2 61. c4 bxc4 62. bxc4 Ke2 63. Rhh1 f2 64. Rc1 Bf4 65. Rcd1 Be3 66. Rhf1 Rg1 0-1

[Event "Pardubice rapid op 33rd"]
[Site "Pardubice"]
[Date "2022.07.20"]
[Round "1"]
[White "Macek, Jaroslav1111"]
[Black "Zdrazil, Tomas"]
[Result "0-1"]
[WhiteElo "1453"]
[BlackElo "2122"]
[PlyCount "64"]
[EventDate "2022.07.20"]
[EventType "swiss (rapid)"]
[EventRounds "9"]
[EventCountry "CZE"]
[SourceTitle "CBM 209 Extra"]
[Source "ChessBase"]
[SourceDate "2022.09.30"]
[SourceVersion "1"]
[SourceVersionDate "2022.09.30"]
[SourceQuality "1"]

1. d4 Nf6 2. c4 g6 3. Nc3 Bg7 4. Nf3 0-0 5. e4 d6 6. Be2 e5 7. d5 a5 8. 0-0 Na6 9. a3 Bd7 10. Bg5 h6 11. Bxf6 Qxf6 12. Rb1 Qe7 13. Qd2 a4 14. b4 axb3 15. Rxb3 Nc5 16. Rbb1 Rxa3 17. Qc2 Rfa8 18. Nb5 Bxb5 19. Rxb5 b6 20. Nd2 h5 21. Rfb1 Bh6 22. Nb3 Ra2 23. Rb2 Rxb2 24. Qxb2 Nxe4 25. Bf3 Ng5 26. Be2 Bg7 27. Qc2 Ra7 28. Nd2 f5 29. Nf3 Nxf3+ 30. Bxf3 e4 31. Be2 Bd4 32. Kf1 Qh4 0-1

[Event "CZE-chT2E 2122"]
[Site "Czech Republic"]
[Date "2021.11.07"]
[Round "2.5"]
[White "Zdrazil, Tomas"]
[Black "Hruza, Dominik"]
[Result "1-0"]
[WhiteElo "2087"]
[BlackElo "1854"]
[PlyCount "155"]
[EventDate "2021.10.17"]
[EventType "team-tourn"]
[EventRounds "11"]
[EventCountry "CZE"]
[SourceTitle "EXT 2024"]
[Source "ChessBase"]
[SourceDate "2023.10.10"]
[SourceVersion "1"]
[SourceVersionDate "2023.10.10"]
[SourceQuality "1"]
[WhiteTeam "Jundrov Jezdci II"]
[BlackTeam "Brno Lokomotiva"]
[WhiteTeamCountry "CZE"]
[BlackTeamCountry "CZE"]

1. e4 e5 2. Nf3 Nf6 3. Nxe5 d6 4. Nf3 Nxe4 5. d4 d5 6. Bd3 Bd6 7. 0-0 0-0 8. c4 c6 9. h3 Re8 10. Nc3 Nxc3 11. bxc3 dxc4 12. Bxc4 Be6 13. Bd3 h6 14. c4 Nd7 15. Rb1 b6 16. Re1 Qc7 17. Bb2 Rad8 18. Rc1 Bf4 19. Rc2 Nf6 20. Rce2 Bd7 21. Rxe8+ Rxe8 22. Ne5 Bc8 23. Qf3 Bxe5 24. dxe5 Nh7 25. h4 Be6 26. Qe4 Nf8 27. h5 Qd7 28. f3 Rd8 29. Re3 c5 30. f4 Bg4 31. f5 Bxh5 32. g4 Qa4 33. gxh5 Qd1+ 34. Bf1 Qxh5 35. Rd3 Qg5+ 36. Bg2 Re8 37. Rd1 Qg3 38. Qf3 Qh4 39. Qe4 Qg3 40. Rd2 Nh7 41. Rd3 Qg5 42. e6 fxe6 43. fxe6 Nf8 44. Qe3 Nxe6 45. Qxg5 Nxg5 46. Rd7 Re2 47. Bd5+ Kf8 48. Bxg7+ Ke8 49. Rxa7 Nh3+ 50. Kf1 Rf2+ 51. Ke1 h5 52. Bc6+ Kd8 53. Rd7+ Kc8 54. Rd3 Rf7 55. Rxh3 Rxg7 56. Rxh5 Kc7 57. Bb5 Rg2 58. a4 Ra2 59. Rh7+ Kb8 60. Rd7 Kc8 61. Rd2 Ra1+ 62. Ke2 Kc7 63. Rd7+ Kb8 64. Ke3 Re1+ 65. Kf4 Rh1 66. Re7 Rf1+ 67. Ke5 Rd1 68. Ke6 Rd2 69. Rd7 Rh2 70. Kd6 Rh6+ 71. Kd5 Rh5+ 72. Kc6 Rh6+ 73. Rd6 Rxd6+ 74. Kxd6 Kb7 75. Kd7 Ka8 76. Kc8 Ka7 77. Kc7 Ka8 78. Kxb6 1-0

[Event "Pardubice op rapid 32nd"]
[Site "Pardubice"]
[Date "2021.07.22"]
[Round "9"]
[White "Zdrazil, Tomas"]
[Black "Virostko, Petr"]
[Result "1/2-1/2"]
[WhiteElo "2051"]
[BlackElo "2352"]
[PlyCount "121"]
[EventDate "2021.07.21"]
[EventType "swiss (rapid)"]
[EventRounds "9"]
[EventCountry "CZE"]
[SourceTitle "CBM 203 Extra"]
[Source "ChessBase"]
[SourceDate "2021.09.30"]
[SourceVersion "1"]
[SourceVersionDate "2021.09.30"]
[SourceQuality "1"]

1. e4 c5 2. Nf3 e6 3. d4 cxd4 4. Nxd4 a6 5. Bd3 Bc5 6. Nb3 Ba7 7. 0-0 Nc6 8. Qe2 d6 9. Be3 e5 10. Bc4 Nge7 11. Nc3 0-0 12. Rfd1 Bxe3 13. Qxe3 Be6 14. Bd5 Nb4 15. Rac1 Nbxd5 16. Nxd5 Nxd5 17. exd5 Bd7 18. c4 b6 19. Nd2 f5 20. f4 Re8 21. b4 Rc8 22. fxe5 Rxe5 23. Qf2 Qc7 24. Nf3 Re4 25. Rd4 Rce8 26. Rxe4 fxe4 27. Ng5 Bc8 28. Qh4 h6 29. Nxe4 Bf5 30. Ng3 Bh7 31. h3 Qd7 32. Qd4 Qd8 33. c5 bxc5 34. bxc5 dxc5 35. Rxc5 Qb6 36. Rc4 Qd6 37. Kh2 a5 38. Rc6 Qd7 39. Qc5 Be4 40. Nxe4 Rxe4 41. Rc8+ Re8 42. Rxe8+ Qxe8 43. Qd6 Kf7 44. Qf4+ Kg8 45. d6 Qe6 46. a4 Kh7 47. Qd4 Qd7 48. Qe4+ Kh8 49. Qd4 Kg8 50. Kg1 Kf7 51. Qd5+ Kf6 52. g4 g6 53. Kg2 Qe6 54. Qd4+ Kg5 55. d7 Qe2+ 56. Qf2 Qe4+ 57. Kg1 Qb1+ 58. Kh2 Qb8+ 59. Kg1 Qb1+ 60. Qf1 Qb6+ 61. Qf2 1/2-1/2

[Event "Pardubice op rapid 32nd"]
[Site "Pardubice"]
[Date "2021.07.21"]
[Round "3"]
[White "Zdrazil, Tomas"]
[Black "Jirasek, Pavel"]
[Result "1/2-1/2"]
[WhiteElo "2051"]
[BlackElo "2298"]
[PlyCount "92"]
[EventDate "2021.07.21"]
[EventType "swiss (rapid)"]
[EventRounds "9"]
[EventCountry "CZE"]
[SourceTitle "CBM 203 Extra"]
[Source "ChessBase"]
[SourceDate "2021.09.30"]
[SourceVersion "1"]
[SourceVersionDate "2021.09.30"]
[SourceQuality "1"]

1. e4 c5 2. Nf3 Nc6 3. d4 cxd4 4. Nxd4 e5 5. Nb5 d6 6. N1c3 a6 7. Na3 Be7 8. Nc4 b5 9. Ne3 Nf6 10. g3 0-0 11. Bg2 b4 12. Ncd5 Nxd5 13. Nxd5 Bg5 14. 0-0 Bxc1 15. Qxc1 Bb7 16. Qd2 a5 17. a3 bxa3 18. Rxa3 Rb8 19. c3 h6 20. Rd1 Re8 21. Ne3 Re6 22. Bh3 Rg6 23. Bf5 Rf6 24. Nd5 Rxf5 25. exf5 e4 26. Ne3 Qb6 27. Nc4 Qc5 28. Qd5 Qxd5 29. Rxd5 Ne5 30. Nxe5 Bxd5 31. Rxa5 dxe5 32. Rxd5 Rxb2 33. Rxe5 Rc2 34. Rc5 h5 35. h3 Kf8 36. f6 gxf6 37. Rxh5 Rxc3 38. Rf5 Kg7 39. Rf4 e3 40. fxe3 Rxe3 41. Kg2 Kg6 42. g4 Rb3 43. h4 Rb1 44. Rf3 Ra1 45. Kg3 Kg7 46. h5 Rg1+ 1/2-1/2

[Event "Pardubice Czech op-A 31st"]
[Site "Pardubice"]
[Date "2020.09.21"]
[Round "1"]
[White "Zdrazil, Tomas"]
[Black "Vogel, Roven"]
[Result "0-1"]
[WhiteElo "2068"]
[BlackElo "2456"]
[PlyCount "60"]
[EventDate "2020.09.21"]
[EventType "swiss"]
[EventRounds "9"]
[EventCountry "CZE"]
[SourceTitle "CBM 198 Extra"]
[Source "ChessBase"]
[SourceDate "2020.11.30"]
[SourceVersion "1"]
[SourceVersionDate "2020.11.30"]
[SourceQuality "1"]

1. e4 c5 2. Nf3 d6 3. d4 cxd4 4. Nxd4 Nf6 5. Nc3 Nc6 6. Bg5 e6 7. Qd2 a6 8. 0-0-0 Bd7 9. f4 Be7 10. Nf3 b5 11. e5 b4 12. exf6 bxc3 13. Qxc3 gxf6 14. Bc4 Na5 15. Bb3 Rc8 16. Qd4 Nxb3+ 17. axb3 Qc7 18. c3 e5 19. fxe5 dxe5 20. Qe3 fxg5 21. Nxe5 Be6 22. h4 Bd6 23. Rxd6 Qxd6 24. Nxf7 Kxf7 25. Rf1+ Ke8 26. Qxg5 Rc5 27. Qe3 Ra5 28. Kc2 Re5 29. Qf3 Bd5 30. Qg4 Qg6+ 0-1

[Event "CZE-chT2E 1920"]
[Site "Czech Republic"]
[Date "2020.02.23"]
[Round "9.5"]
[White "Zdrazil, Tomas"]
[Black "Sevcik, Leos"]
[Result "1/2-1/2"]
[WhiteElo "2131"]
[BlackElo "1927"]
[PlyCount "92"]
[EventDate "2019.10.13"]
[EventType "team-tourn"]
[EventRounds "11"]
[EventCountry "CZE"]
[SourceTitle "EXT 2024"]
[Source "ChessBase"]
[SourceDate "2023.10.10"]
[SourceVersion "1"]
[SourceVersionDate "2023.10.10"]
[SourceQuality "1"]
[WhiteTeam "Kromeriz Slavia II"]
[BlackTeam "Adamov"]
[WhiteTeamCountry "CZE"]
[BlackTeamCountry "CZE"]

1. e4 c5 2. Nf3 d6 3. d4 cxd4 4. Nxd4 Nf6 5. Nc3 a6 6. Bg5 e6 7. f4 Be7 8. Qf3 Qc7 9. 0-0-0 0-0 10. Bd3 Nc6 11. Nxc6 bxc6 12. Rhe1 Rb8 13. e5 dxe5 14. fxe5 Nd5 15. Bxe7 Qxe7 16. Qh5 g6 17. Nxd5 exd5 18. Qh6 Bg4 19. Rd2 Rxb2 20. c3 Rb6 21. Rc2 Rfb8 22. Qf4 Rb1+ 23. Kd2 Rxe1 24. Kxe1 Rb1+ 25. Kf2 Qh4+ 26. Qg3 Qxg3+ 27. Kxg3 Bc8 28. Kf4 c5 29. Be2 a5 30. Bf3 Be6 31. Rd2 Rc1 32. Bxd5 Bxd5 33. Rxd5 Rxc3 34. Rd8+ Kg7 35. Rd7 Rc4+ 36. Ke3 Kf8 37. e6 fxe6 38. Rxh7 Rc2 39. g4 Rxa2 40. Ke4 Kg8 41. Rc7 Rxh2 42. Rxc5 Rg2 43. Kf4 a4 44. Ra5 Kg7 45. Kg5 Rf2 46. Rxa4 Rf7 1/2-1/2

[Event "CZE-chT2E 1920"]
[Site "Czech Republic"]
[Date "2019.10.13"]
[Round "1.4"]
[White "Zdrazil, Tomas"]
[Black "Novy, Martin"]
[Result "1-0"]
[WhiteElo "2131"]
[BlackElo "2131"]
[PlyCount "63"]
[EventDate "2019.10.13"]
[EventType "team-tourn"]
[EventRounds "11"]
[EventCountry "CZE"]
[SourceTitle "EXT 2024"]
[Source "ChessBase"]
[SourceDate "2023.10.10"]
[SourceVersion "1"]
[SourceVersionDate "2023.10.10"]
[SourceQuality "1"]
[WhiteTeam "Kromeriz Slavia II"]
[BlackTeam "Orechov Orel"]
[WhiteTeamCountry "CZE"]
[BlackTeamCountry "CZE"]

1. e4 d5 2. exd5 Qxd5 3. Nf3 Bg4 4. Be2 Nf6 5. d4 c6 6. 0-0 e6 7. c4 Qd8 8. h3 Bh5 9. Qb3 Qb6 10. Qxb6 axb6 11. Bf4 Nbd7 12. Nc3 Be7 13. Rfd1 0-0 14. d5 exd5 15. cxd5 Nc5 16. g4 Bg6 17. dxc6 bxc6 18. Ne5 Nfe4 19. Nxc6 Bh4 20. Nxe4 Nxe4 21. Be3 f5 22. f3 fxg4 23. fxe4 Bxe4 24. Bc4+ Kh8 25. Bd5 Rfe8 26. Bxe4 Rxe4 27. Rf1 Rae8 28. Bd4 gxh3 29. Bf2 Bf6 30. Rae1 Rxe1 31. Rxe1 Ra8 32. Bd4 1-0

[Event "Jesenik op"]
[Site "Jesenik"]
[Date "2019.08.20"]
[Round "4"]
[White "Zdrazil, Tomas"]
[Black "Jirasek, Pavel"]
[Result "0-1"]
[WhiteElo "2142"]
[BlackElo "2284"]
[PlyCount "76"]
[EventDate "2019.08.17"]
[EventType "swiss"]
[EventRounds "9"]
[EventCountry "CZE"]
[SourceTitle "EXT 2020"]
[Source "ChessBase"]
[SourceDate "2019.10.17"]
[SourceVersion "1"]
[SourceVersionDate "2019.10.17"]
[SourceQuality "1"]

1. e4 c5 2. Nf3 Nc6 3. d4 cxd4 4. Nxd4 e5 5. Nb5 d6 6. N1c3 a6 7. Na3 Be7 8. Be3 Nf6 9. Nc4 b5 10. Nb6 Rb8 11. Nxc8 Qxc8 12. Bd3 0-0 13. 0-0 h6 14. a4 bxa4 15. Nxa4 Nb4 16. c4 Qc6 17. f3 Rfc8 18. Be2 Nd7 19. Nc3 Bg5 20. Bxg5 hxg5 21. Nd5 Nxd5 22. cxd5 Qb6+ 23. Rf2 Nc5 24. b4 Qxb4 25. Bxa6 Rc7 26. Bf1 Qb6 27. Qe1 Ra7 28. Rxa7 Qxa7 29. Qe3 f6 30. Rc2 Rb1 31. Rf2 Qa1 32. g3 Rb3 33. Qe2 Qd4 34. Kh1 Rb1 35. Kg2 g4 36. Qc2 gxf3+ 37. Kxf3 Rc1 38. Qe2 Nxe4 0-1

[Event "Jesenik op"]
[Site "Jesenik"]
[Date "2019.08.19"]
[Round "3"]
[White "Dvorak, Martin"]
[Black "Zdrazil, Tomas"]
[Result "0-1"]
[WhiteElo "2204"]
[BlackElo "2142"]
[PlyCount "58"]
[EventDate "2019.08.17"]
[EventType "swiss"]
[EventRounds "9"]
[EventCountry "CZE"]
[SourceTitle "EXT 2020"]
[Source "ChessBase"]
[SourceDate "2019.10.17"]
[SourceVersion "1"]
[SourceVersionDate "2019.10.17"]
[SourceQuality "1"]

1. e4 c5 2. Nf3 d6 3. d4 cxd4 4. Nxd4 Nf6 5. Nc3 a6 6. h3 e5 7. Nde2 h5 8. Bg5 Be6 9. f4 Be7 10. Qd2 Nbd7 11. f5 Bc4 12. Ng3 Rc8 13. Bxc4 Rxc4 14. Qd3 Qc7 15. a4 d5 16. exd5 Bb4 17. Nge2 Ne4 18. Bd2 Nxd2 19. Qxd2 Nf6 20. Qg5 Rxc3 21. bxc3 Bxc3+ 22. Nxc3 Qxc3+ 23. Ke2 Qxc2+ 24. Qd2 Qe4+ 25. Kd1 0-0 26. Re1 Qxf5 27. Ra3 Rd8 28. Rd3 Ne4 29. Rf3 Qxf3+ 0-1

[Event "Olomouc op 22nd"]
[Site "Olomouc"]
[Date "2019.08.13"]
[Round "5"]
[White "Bauer, Jan3333"]
[Black "Zdrazil, Tomas"]
[Result "0-1"]
[WhiteElo "1960"]
[BlackElo "2142"]
[PlyCount "76"]
[EventDate "2019.08.10"]
[EventType "swiss"]
[EventRounds "9"]
[EventCountry "CZE"]
[SourceTitle "CBM 191 Extra"]
[Source "ChessBase"]
[SourceDate "2019.09.30"]
[SourceVersion "1"]
[SourceVersionDate "2019.09.30"]
[SourceQuality "1"]

1. e4 c5 2. Nc3 e6 3. f4 a6 4. a4 Nc6 5. Bc4 Nge7 6. Nf3 d5 7. Ba2 dxe4 8. Nxe4 Nf5 9. 0-0 Be7 10. d3 0-0 11. Qe1 b5 12. Be3 Nxe3 13. Qxe3 Nb4 14. Qe2 Bb7 15. axb5 axb5 16. Bb3 Nd5 17. Ne5 Rxa1 18. Rxa1 Nxf4 19. Qf2 Bxe4 20. dxe4 Qd4 21. Qxd4 Ne2+ 22. Kf2 Nxd4 23. Nf3 Nxf3 24. gxf3 c4 25. Ba2 Ra8 26. Ke2 g5 27. e5 Bc5 28. c3 Kf8 29. Kd2 Ke7 30. Kc2 b4 31. b3 bxc3 32. bxc4 Bd4 33. Kb3 Rb8+ 34. Kc2 Rb2+ 35. Kd3 Bxe5 36. Bb1 Rd2+ 37. Ke3 Bf4+ 38. Ke4 f5# 0-1

[Event "Pardubice op rapid 30th"]
[Site "Pardubice"]
[Date "2019.07.19"]
[Round "8"]
[White "Karsay, Pascal"]
[Black "Zdrazil, Tomas"]
[Result "0-1"]
[WhiteElo "2304"]
[BlackElo "2130"]
[PlyCount "100"]
[EventDate "2019.07.17"]
[EventType "swiss (rapid)"]
[EventRounds "9"]
[EventCountry "CZE"]
[SourceTitle "CBM 191 Extra"]
[Source "ChessBase"]
[SourceDate "2019.09.30"]
[SourceVersion "1"]
[SourceVersionDate "2019.09.30"]
[SourceQuality "1"]

1. Nf3 Nf6 2. g3 g6 3. c4 Bg7 4. Bg2 0-0 5. 0-0 c6 6. d4 d5 7. b3 a5 8. Bb2 a4 9. e3 Ne4 10. Qc1 axb3 11. axb3 Rxa1 12. Bxa1 Na6 13. Nc3 Nb4 14. Rd1 Qa5 15. Nxe4 dxe4 16. Nd2 Bg4 17. Rf1 Be2 18. Bxe4 Bxf1 19. Kxf1 e5 20. Bc3 exd4 21. exd4 Na2 22. Bxa5 Nxc1 23. d5 f5 24. Bf3 Bh6 25. dxc6 bxc6 26. Bxc6 Bxd2 27. Bxd2 Nxb3 28. Bh6 Rc8 29. Bd5+ Kh8 30. Ke2 Nc5 31. Ke3 Re8+ 32. Kd4 Nb3+ 33. Kc3 Nc5 34. f3 Ne6 35. Kb4 Kg8 36. c5 Kf7 37. Bf4 Kf6 38. Bd6 Nd4 39. Kc4 Nc2 40. Bc6 Re1 41. f4 Ne3+ 42. Kd3 Ng4 43. Bd7 Rd1+ 44. Kc4 Ne3+ 45. Kb5 Rb1+ 46. Kc6 Nc4 47. Bc7 Ke7 48. Bc8 Na5+ 49. Kd5 Rd1+ 50. Ke5 Nc4# 0-1

[Event "Pardubice op rapid 30th"]
[Site "Pardubice"]
[Date "2019.07.18"]
[Round "4"]
[White "Zdrazil, Tomas"]
[Black "Movsesian, Julia"]
[Result "0-1"]
[WhiteElo "2130"]
[BlackElo "2291"]
[PlyCount "46"]
[EventDate "2019.07.17"]
[EventType "swiss (rapid)"]
[EventRounds "9"]
[EventCountry "CZE"]
[SourceTitle "CBM 191 Extra"]
[Source "ChessBase"]
[SourceDate "2019.09.30"]
[SourceVersion "1"]
[SourceVersionDate "2019.09.30"]
[SourceQuality "1"]

1. e4 c5 2. Nf3 Nc6 3. d4 cxd4 4. Nxd4 e5 5. Nb5 d6 6. N1c3 a6 7. Na3 Be7 8. Nc4 b5 9. Ne3 Nf6 10. a4 b4 11. Ncd5 Nxe4 12. Qf3 Ng5 13. Nf6+ gxf6 14. Qxc6+ Bd7 15. Qc4 Rc8 16. Qb3 a5 17. Bb5 Ne6 18. Bxd7+ Qxd7 19. Nd5 Nd4 20. Qg3 Nxc2+ 21. Kf1 Nxa1 22. Bh6 Qxa4 23. Qg4 f5 0-1

[Event "Olomouc Summmer op 21st"]
[Site "Olomouc"]
[Date "2018.08.18"]
[Round "9"]
[White "Karthick, Narayanan S"]
[Black "Zdrazil, Tomas"]
[Result "1/2-1/2"]
[WhiteElo "1979"]
[BlackElo "2065"]
[PlyCount "58"]
[EventDate "2018.08.11"]
[EventType "swiss"]
[EventRounds "9"]
[EventCountry "CZE"]
[SourceTitle "CBM 186 Extra"]
[Source "ChessBase"]
[SourceDate "2018.08.24"]
[SourceVersion "1"]
[SourceVersionDate "2018.08.24"]
[SourceQuality "1"]

1. e4 c5 2. Nc3 e6 3. g3 Nc6 4. Bg2 Nf6 5. d3 d5 6. Bg5 Be7 7. exd5 Nxd5 8. Bxe7 Ndxe7 9. Qh5 b6 10. Nge2 Bb7 11. Qg5 0-0 12. 0-0-0 Nf5 13. Qxd8 Raxd8 14. Be4 Nfd4 15. Nxd4 Rxd4 16. Rhe1 Rd7 17. Bxc6 Bxc6 18. Re5 Rfd8 19. Rde1 g6 20. a4 a5 21. b3 Bd5 22. h4 Kg7 23. f4 h5 24. Kb2 Bc6 25. Nb1 Rd5 26. Na3 Rxe5 27. Rxe5 Bd5 28. Kc3 f6 29. Re3 Kf7 1/2-1/2